000 01233nam a22003857a 4500
999 _c29939
_d29939
003 PACU
005 20180710153432.0
008 180621b ||||| |||| 00| 0 eng d
040 _beng
_cPACU
050 _aSPEC HD983
_b.Z63L36 2017
245 _aCompendium of land matters in Kenya :
_bBasis for priority in research and land policy implementation /
_cNational land commission
260 _aNairobi, Kenya :
_bNational Land Commission;
_cc2017
650 _aLand policy
_zKenya
650 _aLand allocation /
650 _aLand reform /
650 _aPublic land/
650 _aLand rights
_vChildren & youth
650 _aLand rights
_vMinority groups
650 _aLand rights
_vVulnerable groups
650 _aLand allocation/
650 _aLand acquisition /
650 _aPastoralism /
650 _aLand tenure /
650 _aInheritance /
650 _aLand
_vDispute resolution
650 _aInformal settlements /
650 _aLand
_vGender and equity
650 _aLand adjudication /
650 _aCommunity land /
650 _aPrivate land/
650 _aProperty rights /
650 _aLand issues
_zCoastal Kenya
650 _aLand-based natural resources /
942 _2lcc
_cSPEC